Petit Bac #83 - Films Marvel - Statistiques

Statistiques générales
  • Ce quiz a été pris 24 652 fois
    19 130 depuis la dernière actualisation
  • Le résultat moyen est 9 sur 15
Statistiques - réponses
1ère Lettre Film % Correct
A Ant-Man / Ant-Man et la Guêpe / Avengers / Avengers - L'Ère d'Ultron / Avengers - Infinity War / Avengers - Endgame
98%
C Captain Marvel / Captain America - First Avenger / Captain America - Le Soldat de l'Hiver / Captain America - Civil War
91%
S Spider-Man - No Way Home / Shang-Chi et la Légende des Dix Anneaux / Spider-Man - Homecoming / Spider-Man - Far from Home / Spider-Man / Spider-Man 2 / Spider-Man 3 / Spider-Man défie le Dragon
87%
B Black Widow / Black Panther / Blade / Blade II / Blade Trinity
84%
D Doctor Strange in the Multiverse of Madness / Deadpool / Deadpool 2 / Doctor Strange / Daredevil
81%
I Iron Man / Iron Man 2 / Iron Man 3
81%
T Thor / Thor - Le Monde des Ténèbres / Thor - Ragnarok / The Amazing Spider-Man / The Amazing Spider-Man - Le Destin d'un Héros / The Punisher
81%
H Hulk / Hulk revient / Howard... Une Nouvelle Race de Héros
79%
L Les Éternels / Logan / Les Gardiens de la Galaxie / Les Gardiens de la Galaxie Vol.2 / Les Nouveaux Mutants / L'Incroyable Hulk / Les 4 Fantastiques / Les 4 Fantastiques et le Surfer d'Argent / L'Homme-Araignée / La Riposte de l'Homme-Araignée
71%
X X-Men / X-Men 2 / X-Men - L'Affrontement Final / X-Men Origins - Wolverine / X-Men - Le Commencement / X-Men - Days of Future Past / X-Men - Apocalypse / X-Men - Dark Phoenix
68%
W Wolverine - Le Combat de l'Immortel
43%
V Venom
30%
E Elektra
15%
P Punisher - Zone de Guerre
12%
G Ghost Rider / Ghost Rider - L'Esprit de Vengeance
9%
Aucun quiz correspondant
Distribution des résultats
% des personnes avec chaque résultat
Percentile par nombre de réponses
Votre historique - résultats
Vous n’avez pas pris ce quiz depuis la dernière actualisation